00779nam a2200217 i 450000100060000000300090000600500170001500700030003200800410003510000360007624500580011226000490017030000210021949000460024050000350028683000540032185200390037594200080041499900170042295201220043967814ES-MaACL20240526062939.0t|040206s1973 sp ||||1| spa d1 aGallardo, José Carlos.95348413aLa esperada transparencia / cJosé Carlos Gallardo. aSevilla : b[Católica Española], c1973. a55 p. ; c21 cm.1 aColección de poesía "Ángaro" ; v34 aAccesit al Premio Angaro 1973.00aColección de poesía "Ángaro" ; v349236649 aES-MaACLjC-53445 bR.86369970333 2udc c67814d67814 00104070aATENEOMbATENEOMcDEPO2d2008-01-17eSCl0oC-53445p1070997r2023-02-23 00:00:00w2023-02-23yMONOGRAFIA